000 00595cam a2200205 4500
001 D15214
008 090401t1966 xxu||||| |||| 00| 0 eng d
035 _a(Sirsi) u21143
041 _aeng
050 _aRICS 1966/13ABC
110 _aRoyal Institution of Chartered Surveyors
_94900
245 _aComments and clarifications on the standard method of measurement of building works
260 _bRICS
_c1966
300 _a28p
350 _a0
520 _aFiled in box 1966/13 ABC
710 _aNational Federation of Building Trades Employers
_91526
942 _n0
948 _c04/03/1997
999 _c87926
_d87926